| 000 | 00524nam a2200205Ia 4500 | ||
|---|---|---|---|
| 008 | 170918s9999 xx 000 0 und d | ||
| 020 | _a439676266 | ||
| 050 | _bR778 2005 | ||
| 100 | _aRoop, Peter | ||
| 245 | _aTake a giant leap, Neil Armstrong! / | ||
| 245 | _cPeter Roop and Connie Roop. | ||
| 260 | _aNew York : | ||
| 260 | _bScholastic, | ||
| 260 | _c2005 | ||
| 300 | _a60 pages : | ||
| 300 | _bcolored illustration ; | ||
| 300 | _c19cm. | ||
| 440 | _aA scholastic chapter book biography. | ||
| 500 | _a720 | ||
| 999 |
_c341928 _d341928 |
||